000 02002nam2a22002411 4500
001 rc\378215
005 20250621064900.0
035 _a(NLR Aleph) 005635337
090 _a6611857
_c6611857
100 _a20030307d1989 |||y0rusy50 ca
101 0 _arus
102 _aRU
105 _ay |||||||||
200 0 _a... в 1989/90 учеб. году
210 _d1989
_aБ. м.
215 _a27 с.
320 _aБиблиогр.: с. 24-26
461 0 _1001rc\378214
_12001#$aОРГАНИЗАЦИЯ массовой профессиональной и экономической учебы на предприятиях и в организациях лесной промышленности...$eМетод. рекомендации$fМ-во лесн. пром-сти СССР. Совет по проф. и экон. образованию трудящихся. Гл. упр. кадров и социал. развития, Всесоюз. ин-т повышения квалификации руководящих работников и специалистов лесн. пром-сти$g[Под руководством доц. Гилева Н.К.]$v... в 1989/90 учеб. году
_96611850
_cМ.
_d1989
_fМ-во лесн. пром-сти СССР. Совет по проф. и экон. образованию трудящихся. Гл. упр. кадров и социал. развития, Всесоюз. ин-т повышения квалификации руководящих работников и специалистов лесн. пром-сти
_nВИПКлеспром
_oМетод. рекомендации
_tОРГАНИЗАЦИЯ массовой профессиональной и экономической учебы на предприятиях и в организациях лесной промышленности...
_v... в 1989/90 учеб. году
801 0 _aRU
_bNLR
_gpsbo
801 1 _aRU
_bELAR
_2rusmarc
852 _aNLR
_j89-4/19477
942 _cBOOK
980 _aNB